000 00985nam a22002657a 4500
001 9227
003 FISKH
005 20251203132558.0
008 251203b cb ||||| |||| 00| 0 eng d
020 _a9780439978057
040 _aFISKH
_beng
_cFISKH
_dFISKH
050 _aPZ7
082 _a821.9
100 _aCurry, Jennifer
_eAuthor
245 _aSpooky poems /
_cby Jennifer Curry
260 _aLondon :
_bScholastic Children's Books ,
_c1998
300 _a128 pages :
_billustrations ;
_c20 cm
505 _aN
520 _aFasten your seatbelt, take a deep breath, hold tight - and we're off - aboard the haunted ghost train for the spooky ride of a lifetime. Meet your doom in the Castle of Gloom Swallow a barbecued bat Dangle those cobwebs and rattle those bones and dare to enter this spooky poetry collection.
521 8 _a550
_bLexile estimate
521 8 _aN
_bRaz-Plus
650 _aChildren's reference
_vHalloween
942 _2ddc
_cBK
_n0
999 _c9227
_d9227